Statistiques concernant Pirates des Caraïbes - Liste des personnages

Cliquez ici pour prendre le quiz!

Statistiques générales

  • Ce quiz a été pris 1 749 fois
  • Le résultat moyen est 4 sur 6

Statistiques - réponses

PrénomNom% Correct
JackSparrow
98%
WilliamTurner
93%
ElizabethSwann
83%
HectorBarbossa
76%
JamesNorrington
44%
JoshameeGibbs
42%

Distribution des résultats

Percentile par nombre de réponses

% des personnes avec chaque résultat

Votre développement - résultats

Vous n’avez pas pris ce quiz